| 000 | 01236cam a22002771 4500 | ||
|---|---|---|---|
| 001 | sa 65000841 | ||
| 003 | DLC | ||
| 005 | 20260227112105.0 | ||
| 008 | 840815s1963 ii ach 000 0 eng | ||
| 010 | _asa 65000841 | ||
| 025 | _aPL480:I-E-2892 | ||
| 035 | _a(OCoLC)11058244 | ||
| 040 |
_aDLC _cNcWsW _dDLC |
||
| 042 | _apremarc | ||
| 050 | 0 | 0 |
_aDS481.B59 _bB5 |
| 110 | 2 | _aBiplabi Mahanayak Rash Behari Basu Smarak Samity, Calcutta. | |
| 245 | 1 | 0 |
_aRash Behari Basu, _bhis struggle for India's independence. _cEditor-in-chief: Radhanath Rath. Editor: Sabitri Prasanna Chatterjee. |
| 250 | _a[1st ed.] | ||
| 260 |
_aCalcutta _c[1963] |
||
| 300 |
_axxxx, 596 p. _billus., facsims., ports. _c23 cm. |
||
| 505 | 0 | _aMessages and tributes.--Letters.--Tributes from Japan.--Speeches, broadcasts and statements.--Discourses on cultural and national subjects--Notes from Japan.--Further broadcasts and messages to Indian nation and congress leaders.--Bangkok conference: fuller details.--Appreciation by eminent personages.--Other contributions. | |
| 600 | 1 | 0 |
_aBose, Rash Behari, _d1886-1945. |
| 700 | 1 |
_aBose, Rash Behari, _d1886-1945. |
|
| 700 | 1 |
_aRatha, Rādhānātha, _d1896-1998. |
|
| 700 | 1 |
_aChatterjee, Sabitri Prasanna, _eed. |
|
| 999 |
_c61777 _d61777 |
||